000
00335 a2200109 4500
001
ART_6519
005
20260410161826.0
008
260409a
245
1
0
_a
Análisis de encuestas basado en diseño y modelos muestrales
100
1
_a
Liseras, Natacha
773
0
_t
FACES
_g
- Año 9, Nº 17 (may./ago. 2003)
_w
REV5046
999
_c
22776
_d
22776